| 000 | 007760000a22002170004500 | ||
|---|---|---|---|
| 090 |
_aAR _b03912 |
||
| 245 | 1 | 0 | _aModelo de hábitat y distribución de la alondra (Eremophila alpestris peregrina) en el antiplano Cundiboyacense, Colombia |
| 500 | _a<Contribución Humboldt> | ||
| 650 | 1 | 4 |
_aAves _992429 |
| 650 | 1 | 4 |
_aEndemismo _948559 |
| 650 | 1 | 4 |
_aSistemas de información geográfica _992253 |
| 650 | 1 | 4 |
_aModelos de hábitat _997740 |
| 650 | 1 | 4 |
_aEspecies en peligro _993276 |
| 651 | 4 |
_lAltiplano cundiboyacense _pColombia _992749 |
|
| 653 |
_gEremophila _eEremophila alpestris _valondra |
||
| 041 | 0 | _aEspañol | |
| 700 | 1 |
_aArmenteras, Dolors _92694 |
|
| 100 | 1 |
_aValencia, Iván Darío _94874 |
|
| 942 | _cARTICULO | ||
| 773 | 1 |
_tOrnitología Colombiana _h2 _q25-36 _d2004 |
|
| 999 |
_c12947 _d12947 |
||